000 01029nam a2200325 a 4500
001 37002
003 BD-RjUL
005 20211209052551.0
008 140930s1983 enka b 00100 eng d
020 _a0632009020 (cased) :
020 _a0632008830 (pbk) :
035 _a(BD-RjUL)37104
035 _a(BD-RjUL)
040 _aBD-RjUL
_beng
_cBD-RjUL
041 _aeng
082 _220
_a591.51
_bANI 1983
245 0 0 _aCauses and effects /
_cedited by T.R. Halliday and P.J.B. Slater.
260 0 _aOxford :
_bBlackwell Scientific,
_c1983.
300 _aix, 228 p. :
_bill. ;
_c23 cm.
490 1 _aAnimal behaviour ;
_vv.1
500 _aAnimals. Behaviour (BNB/PRECIS)
504 _aBibliography: p. 197-220. - Includes index.
650 0 _aAnimal behavior.
_9113082
830 0 _vv.1.
_9113087
700 1 0 _aHalliday, Tim,
_d1945-
_9113084
700 1 0 _aSlater, P. J. B.
_q(Peter James Bramwell),
_d1942-
_9113085
830 0 _aAnimal behaviour (Blackwell Scientific) ;
_9113088
942 _2ddc
_cBK
999 _c37002
_d37002